[Event "Olympiad Women 2024"]
[Site "Budapest HUN"]
[Date "2024.09.12"]
[Round "2.29"]
[Board "2"]
[White "Azhar, Puteri Munajjah Az-Zahraa"]
[Black "Miranda Llanes, Yerisbel"]
[Result "0-1"]
[WhiteElo "2014"]
[BlackElo "2294"]
[PlyCount "106"]
[EventDate "2024.09.11"]
[WhiteTeam "Malaysia"]
[BlackTeam "Cuba"]
[WhiteTeamCountry "MAS"]
[BlackTeamCountry "CUB"]

1. d4 Nf6 2. c4 e6 3. Nc3 Bb4 4. e3 O-O 5. Bd3 d5 6. Nge2 c5 7. O-O cxd4 8. exd4 b6 ({RR} 8... Be7 9. cxd5 Nxd5 10. Nxd5 exd5 11. Nf4 Bg5 12. Qh5 h6 13. h4 Bxh4 14. Nxd5 Bg5 15. Qf3 Nc6 16. Rd1 Re8 17. Be3 Bxe3 18. fxe3 Bg4 19. Qxg4 Qxd5 20. Re1 Nb4 21. Bf5 Nxa2 22. Rad1 Nb4 23. e4 {0-1 Van Kooten,L (2269)-Zhao,X (2449) Groningen Harmonie op-A 2003 (7)}) ({RR} 8... h6 9. Bf4 b6 10. Be5 Nbd7 11. cxd5 Nxe5 12. dxe5 Nxd5 13. Be4 Ba6 14. Nxd5 exd5 15. Bd3 Bb7 16. a3 Bc5 17. b4 Be7 18. Nd4 Rc8 19. Qg4 Rc3 20. Rad1 Bc8 21. Qf3 Kh8 22. Nb5 Rb3 23. Qe2 {1-0 Bashirli,S (1608)-Huseynova,L (1846) ch-AZE Women 2024 (3.5)}) 9. Bg5 Be7 10. Rc1 Bb7 11. Bxf6 $146 ({RR} 11. a3 dxc4 12. Bxc4 Nbd7 13. Qd3 Ne8 14. Bd2 Nc7 15. Rfd1 Nf6 16. f3 Ncd5 17. Nxd5 Nxd5 18. Nc3 Nxc3 19. Bxc3 Bg5 20. Rc2 Rc8 {½-½ Sigurdsson,B (1709)-Mclatchie,J (1875) SCO-ch 119th 2012 (6)}) 11... Bxf6 12. cxd5 exd5 13. Qb3 Qd7 14. Rcd1 Na6 15. Ng3 Nc7 16. Nh5 Be7 17. Rfe1 g6 18. Nf4 Bd6 19. Nh3 Rfe8 20. Ng5 Qg4 21. Nf3 Ne6 22. h3 Qh5 23. Bb5 Red8 24. Ne2 Rac8 25. Ng3 Qh6 26. Ne5 Bxe5 27. Rxe5 Qf4 28. Qd3 Qf6 29. Ree1 Nf4 30. Qe3 a6 31. Ba4 b5 32. Bb3 a5 33. Qe7 Qxe7 34. Rxe7 Ba6 35. a4 b4 36. Re3 Kf8 37. f3 Re8 38. Re5 f6 39. Rxe8+ Kxe8 40. Nf1 Kd7 41. g3 Nd3 42. Rb1 Kd6 43. Ne3 Bc4 44. Bc2 Re8 45. Nf1 Re2 46. Bxd3 Bxd3 47. Rd1 Bc2 48. Rd2 Rxd2 49. Nxd2 Bxa4 50. b3 Bd7 51. g4 a4 52. bxa4 Bxa4 53. Kf2 Bc2 0-1

[Event "Olympiad Women 2024"]
[Site "Budapest HUN"]
[Date "2024.09.12"]
[Round "2.29"]
[Board "3"]
[White "Forgas Moreno, Yaniela"]
[Black "Azhar, Puteri Rifqah Fahada"]
[Result "1-0"]
[WhiteElo "2203"]
[BlackElo "1947"]
[PlyCount "59"]
[EventDate "2024.09.11"]
[WhiteTeam "Cuba"]
[BlackTeam "Malaysia"]
[WhiteTeamCountry "CUB"]
[BlackTeamCountry "MAS"]

1. e4 e6 2. d4 d5 3. Nc3 dxe4 4. Nxe4 Be7 5. Nf3 Nf6 6. Bd3 Nbd7 7. O-O Nxe4 8. Bxe4 Nf6 ({RR} 8... c5) 9. Bd3 Bd7 ({RR} 9... b6 10. Qe2 Bb7 11. Bb5+ c6 12. Bd3 O-O 13. c3 c5 14. Bg5 cxd4 15. Nxd4 Qd5 16. Nf3 Rfd8 17. Rfd1 Qc5 18. Be3 Qc7 19. Ba6 Bc6 20. h3 Nd5 21. Bd4 Bd6 22. Be5 Nf4 23. Bxf4 Bxf4 24. Rxd8+ {1-0 Dias,P (2308)-Tsaruk,M (2480) Titled Tue 20th Feb Early 2024 (2)}) 10. Ne5 c6 $146 ({RR} 10... c5 11. Nxd7 Qxd7 12. Qe2 a6 13. dxc5 Bxc5 14. Be3 Bd6 15. Rfd1 Qc7 16. h3 Nd5 17. Be4 Nxe3 18. Qxe3 Rc8 19. Qf3 b5 20. Bb7 Rb8 21. Bc6+ Ke7 {½-½ Vidal Maiques,J-Carbonell Vila,J Valencia Preferente 1995}) ({RR} 10... c5 11. dxc5 Bxc5 12. Bg5 Qc7 13. Nxd7 Nxd7 14. Bb5 Bd6 15. h3 a6 16. Bxd7+ Qxd7 17. Qd3 Qc7 18. Rad1 Be7 19. Bxe7 Qxe7 20. Qd6 {½-½ Hrabinska,M (2094)-Kostiukova,L UKR-ch sf U18 Girls 2000 (8)}) 11. Qf3 Qc7 12. Re1 h6 13. c4 g5 14. Bd2 Rg8 15. d5 c5 16. Nxd7 Qxd7 17. dxe6 fxe6 18. Rad1 O-O-O 19. Ba5 Rdf8 20. Bf5 g4 21. Qe2 Qc6 22. Qxe6+ Qxe6 23. Bxe6+ Kb8 24. Bxg8 Nxg8 25. Rd7 Bf6 26. Bc3 Bxc3 27. bxc3 Kc8 28. Rh7 a6 29. Re5 b6 30. Re6 1-0

[Event "Olympiad Women 2024"]
[Site "Budapest HUN"]
[Date "2024.09.12"]
[Round "2.29"]
[Board "4"]
[White "Nithyalakshmi, Sivanesan"]
[Black "Hernandez Gil, Ineymig"]
[Result "0-1"]
[WhiteElo "1912"]
[BlackElo "2160"]
[PlyCount "86"]
[EventDate "2024.09.11"]
[WhiteTeam "Malaysia"]
[BlackTeam "Cuba"]
[WhiteTeamCountry "MAS"]
[BlackTeamCountry "CUB"]

1. e4 c5 2. Nc3 e6 3. f4 d5 4. exd5 exd5 5. Bb5+ Nc6 6. Nf3 Nf6 7. O-O Be7 8. Ne5 Qb6 9. Qf3 O-O 10. Bxc6 bxc6 11. Kh1 Bd6 12. d3 Qc7 $146 ({RR} 12... Re8 13. b3 Qc7 14. Na4 Bxe5 15. fxe5 Bg4 16. Qg3 Qxe5 17. Bf4 Qh5 18. Bd6 Re2 19. Rac1 Rae8 20. Bxc5 a6 21. Bd4 Qg6 22. h3 Bf5 23. Qxg6 hxg6 24. Nc3 R2e7 25. b4 Nd7 26. Kg1 f6 27. a4 {1-0 Gipslis,A-Klavins,J URS-ch27 Semifinal 1959}) 13. Na4 Re8 14. Qf2 c4 15. dxc4 Ne4 16. Qd4 c5 17. Qxd5 Bb7 18. Qd1 Rad8 19. Nd3 Qc6 20. Qg4 Qxa4 21. b3 Qc6 22. Bb2 f6 23. Rf3 Bf8 24. h4 Qc8 25. f5 Bd6 26. Kg1 Kh8 27. Re1 Nd2 28. Rfe3 Rxe3 29. Rxe3 Re8 30. Kf2 Rxe3 31. Kxe3 Ne4 32. Nf4 Bxf4+ 33. Qxf4 h6 34. g4 Qe8 35. Kd3 Qd7+ 36. Ke2 Kh7 37. a4 Qe7 38. Kd3 Qd7+ 39. Ke2 Qe8 40. Kd3 Qd8+ 41. Ke2 h5 42. gxh5 Qe8 43. Kd3 Qxh5 0-1

[Event "Olympiad Women 2024"]
[Site "Budapest HUN"]
[Date "2024.09.12"]
[Round "2.30"]
[Board "1"]
[White "Nassr, Lina"]
[Black "Newrkla, Katharina"]
[Result "1/2-1/2"]
[WhiteElo "2010"]
[BlackElo "2208"]
[PlyCount "90"]
[EventDate "2024.09.11"]
[WhiteTeam "Algeria"]
[BlackTeam "Austria"]
[WhiteTeamCountry "ALG"]
[BlackTeamCountry "AUT"]

1. d4 Nf6 2. Nf3 g6 3. Nbd2 Bg7 4. e4 d6 5. Bd3 O-O 6. O-O Nc6 7. c3 e5 8. dxe5 Nxe5 9. Nxe5 dxe5 10. Nc4 Nh5 11. Ne3 Nf4 12. Bc4 c6 13. a4 Qe7 14. Qc2 $146 ({RR} 14. b3 Rd8 15. Qf3 h5 16. Kh1 Be6 17. g3 Bxc4 18. Nxc4 Rd3 19. Be3 Ne6 20. Rac1 b5 21. axb5 cxb5 22. Nb2 Rdd8 23. Qe2 Qb7 24. f3 a5 25. Ra1 Qc6 26. c4 bxc4 27. Qxc4 Qb7 28. Rfd1 Nd4 {0-1 Mammadov,Z (2421)-Shanava,K (2491) Konyaalti op 2019 (3)}) 14... h5 15. b4 Rd8 16. Ba3 Qg5 17. Rad1 Bh3 18. f3 h4 19. Kh1 Be6 20. Bc1 Qe7 21. Rd5 Rd7 22. Rxd7 Rd8 23. Rfd1 Rxd7 24. Rd2 Rxd2 25. Bxd2 Bxc4 26. Nxc4 Qe6 27. Nb2 Qa2 28. Be3 a6 29. Qd2 Ne6 30. h3 Bf6 31. a5 Nf4 32. Kg1 Qb1+ 33. Nd1 Nd3 34. Kh2 Be7 35. Nf2 Nxf2 36. Bxf2 Qf1 37. Bb6 Kg7 38. Be3 Qc4 39. Kg1 Qe6 40. Bg5 Bxg5 41. Qxg5 Qf6 42. Qd2 Qe7 43. Qd3 Qg5 44. Kf2 Qg3+ 45. Kf1 Qg5 1/2-1/2

[Event "Olympiad Women 2024"]
[Site "Budapest HUN"]
[Date "2024.09.12"]
[Round "2.30"]
[Board "2"]
[White "Exler, Veronika"]
[Black "Latreche, Sabrina"]
[Result "1/2-1/2"]
[WhiteElo "2176"]
[BlackElo "2030"]
[PlyCount "78"]
[EventDate "2024.09.11"]
[WhiteTeam "Austria"]
[BlackTeam "Algeria"]
[WhiteTeamCountry "AUT"]
[BlackTeamCountry "ALG"]

1. d4 Nf6 2. c4 e6 3. Nc3 d5 4. cxd5 exd5 5. Bg5 Be7 6. e3 c6 7. Qc2 h6 8. Bh4 O-O 9. Bd3 Re8 10. Nge2 Nbd7 11. O-O Nf8 12. f3 N6h7 13. Bxe7 Rxe7 14. e4 dxe4 15. fxe4 Bg4 16. h3 $146 ({RR} 16. Rad1 Bxe2 17. Bxe2 Nf6 18. Bc4 Rd7 19. d5 Qb6+ 20. Kh1 Ng4 21. Qe2 Ne5 22. Bb3 Rad8 23. Qh5 Nfg6 24. dxc6 Rxd1 25. Nxd1 Qxc6 26. Bd5 Qd6 27. Ne3 Rd7 28. Nf5 Qa6 29. Rc1 Kh7 30. Ne3 Nd3 {1-0 Szeberenyi,A (2225)-Rasztik,S Zalakaros op 16th 1997 (1)}) 16... Bxe2 17. Nxe2 Qb6 18. Kh1 Rd8 19. Rad1 Nf6 20. Rxf6 gxf6 21. Qd2 Rxd4 22. Nxd4 Qxd4 23. Qxh6 Qxb2 24. Rf1 Re6 25. Rf5 Qxa2 26. e5 fxe5 27. Rg5+ Ng6 28. Bxg6 Rxg6 29. Rxg6+ fxg6 30. Qxg6+ Kf8 31. Qd6+ Kf7 32. Qxe5 Qe6 33. Qc7+ Qe7 34. Qf4+ Kg6 35. Qg4+ Qg5 36. Qe6+ Qf6 37. Qg4+ Qg5 38. Qe6+ Qf6 39. Qg4+ Qg5 1/2-1/2

[Event "Olympiad Women 2024"]
[Site "Budapest HUN"]
[Date "2024.09.12"]
[Round "2.30"]
[Board "3"]
[White "Nassr, Rania"]
[Black "Schloffer, Jasmin-Denise"]
[Result "1/2-1/2"]
[WhiteElo "1866"]
[BlackElo "2168"]
[PlyCount "92"]
[EventDate "2024.09.11"]
[WhiteTeam "Algeria"]
[BlackTeam "Austria"]
[WhiteTeamCountry "ALG"]
[BlackTeamCountry "AUT"]

1. Nf3 Nf6 2. b3 e6 3. Bb2 b6 4. g3 Bb7 5. Bg2 Be7 6. O-O O-O 7. c4 c5 8. Nc3 d6 9. e3 Nbd7 10. d4 a6 11. Qe2 Qc7 12. e4 cxd4 13. Nxd4 Rfe8 14. Rac1 Rac8 15. Rfe1 Qb8 $146 ({RR} 15... Bf8 16. f3 g6 17. Rcd1 Nh5 18. Qd2 Ng7 19. Re2 f5 20. exf5 gxf5 21. Kh1 Ne5 22. Rde1 Qf7 23. f4 Bxg2+ 24. Rxg2 Ng4 25. Nc2 Qb7 26. h3 Nf6 27. Kh2 Ne4 28. Nxe4 fxe4 29. Ne3 h5 30. g4 {1-0 Voiska,M (2335)-Chilingirova,P (2240) BUL-chT Sofia 1991 (5)}) 16. h3 h6 17. Rcd1 Nh7 18. Qc2 Nhf6 19. Qb1 Qa8 20. Re2 Nc5 21. Rde1 Bf8 22. Kh2 Red8 23. Rd1 d5 24. cxd5 exd5 25. exd5 Nxd5 26. Nxd5 Bxd5 27. Bxd5 Qxd5 28. Rde1 Rd7 29. Re8 Rxe8 30. Rxe8 Rd8 31. Rxd8 Qxd8 32. Qf5 Qe7 33. Qg4 Qe1 34. Qe2 Qxe2 35. Nxe2 Ne6 36. Kg2 Bc5 37. f4 Kf8 38. Kf3 g6 39. Ke4 Ke7 40. g4 Kd6 41. Be5+ Kd7 42. Nc3 Bg1 43. Ne2 Bc5 44. Nc3 Bg1 45. Ne2 Bc5 46. Nc3 Bg1 1/2-1/2

[Event "Olympiad Women 2024"]
[Site "Budapest HUN"]
[Date "2024.09.12"]
[Round "2.30"]
[Board "4"]
[White "Hapala, Elisabeth"]
[Black "Djerroud, Chahrazed"]
[Result "1-0"]
[WhiteElo "2113"]
[BlackElo "1910"]
[PlyCount "87"]
[EventDate "2024.09.11"]
[WhiteTeam "Austria"]
[BlackTeam "Algeria"]
[WhiteTeamCountry "AUT"]
[BlackTeamCountry "ALG"]

1. e4 {Mueller,Karsten} e5 2. Nf3 Nc6 3. Bb5 a6 4. Ba4 Nf6 5. O-O b5 6. Bb3 Bc5 7. c3 d6 8. d4 Bb6 9. Be3 O-O 10. Nbd2 Bg4 11. h3 Bh5 12. dxe5 ({RR} 12. Bg5 exd4 13. Bd5 dxc3 14. Bxc6 cxd2 15. Bxa8 Qxa8 16. Bxf6 gxf6 17. Qxd2 Qxe4 18. Rfe1 Qf5 19. Nh4 Qg5 20. Qxg5+ fxg5 21. Nf5 Bg6 22. Ne7+ Kg7 23. Nd5 Rb8 24. Rad1 Kf8 25. g4 c5 26. h4 gxh4 {½-½ Karjakin,S (2760)-Shirov,A (2739) Moscow Tal Memorial 5th 2010 (4)}) 12... dxe5 13. Qe2 Bxe3 ({RR} 13... Rb8 14. Rfd1 Qe7 15. Bxb6 Rxb6 16. Nf1 Bg6 17. Ng3 Ne8 18. Bd5 Nb8 19. Qe3 Nd7 20. b4 Nef6 21. Bb3 c5 22. Nh4 cxb4 23. Nhf5 Bxf5 24. Nxf5 Qc5 25. cxb4 Qxb4 26. Rac1 g6 27. a3 Qa5 28. Ne7+ {½-½ Gloeckler,C (2356)-Girel,J (2479) Sardinia World Open A 2024 (8.23)}) 14. Qxe3 h6 $146 ({RR} 14... Qd6 15. Rfd1 Rfd8 16. Nf1 Qe7 17. Rxd8+ Rxd8 18. Ne1 Bg6 19. f3 Nh5 20. Nd3 Qf6 21. g3 h6 22. Rd1 Na5 23. Kg2 Kh7 24. Qc5 Nxb3 25. axb3 Qe6 26. b4 Qb3 27. Rd2 f5 28. Qxc7 Rxd3 29. Rxd3 {1-0 Nevioselaya,M (2026)-Papp,P (2292) Voronezh op 16th 2012 (9)}) 15. Rfd1 Qe7 16. g4 Bg6 17. Bd5 Nxd5 18. exd5 Na5 19. Qxe5 Qxe5 20. Nxe5 Bc2 21. Rdc1 Bh7 22. b4 Nb7 23. Nb3 Rfd8 24. Nc6 Rd6 25. a4 Re8 26. axb5 axb5 27. Ra7 Nd8 28. Rxc7 Kf8 29. Nbd4 Rxd5 30. Nxd8 Rexd8 31. Ra1 h5 32. Raa7 Bg8 33. Rab7 hxg4 34. hxg4 Rg5 35. f3 g6 36. Rxb5 Rxb5 37. Nxb5 Rd2 38. Nd4 f6 39. b5 Bd5 40. Rd7 Rd1+ 41. Kf2 Bb3 42. Ne6+ Ke8 43. Rxd1 Bxd1 44. b6 1-0

[Event "Olympiad Women 2024"]
[Site "Budapest HUN"]
[Date "2024.09.12"]
[Round "2.31"]
[Board "1"]
[White "Mihok-Juhasz, Barbara"]
[Black "Ptacnikova, Lenka"]
[Result "1-0"]
[WhiteElo "2193"]
[BlackElo "2065"]
[PlyCount "109"]
[EventDate "2024.09.11"]
[WhiteTeam "Hungary B"]
[BlackTeam "Iceland"]
[BlackTeamCountry "ISL"]

1. e4 c5 2. Nf3 e6 3. d4 cxd4 4. Nxd4 Nc6 5. Nc3 Qc7 6. Be3 a6 7. g4 Nxd4 8. Qxd4 b5 9. O-O-O Bb7 10. Kb1 Rc8 ({RR} 10... Nf6 11. f3 Rc8 12. g5 Nh5 13. Qd2 Be7 14. Bh3 b4 15. Ne2 d5 16. Bg4 g6 17. Bxh5 gxh5 18. Nf4 dxe4 19. Nxh5 exf3 20. Bf4 Qd8 21. Qe3 Bd5 22. Nf6+ Bxf6 23. gxf6 Rg8 24. Rhe1 Rg2 25. Qa7 {0-1 Nepomniachtchi,I (2773)-Carlsen,M (2865) Airthings Masters KO rapid 2022 (3.23)}) ({RR} 10... Nf6 11. f3 Rc8 12. Rc1 Bc5 13. Qd3 Bxe3 14. Qxe3 Qc5 15. Qd2 b4 16. Ne2 d5 17. e5 Nd7 18. f4 Nb6 19. f5 Na4 20. c3 bxc3 21. Nxc3 d4 22. Ne2 Nc3+ 23. bxc3 Bxh1 {0-1 Hoepfl,D (1988)-Koellner,A (2101) 6th Bamberg Open 2024 (7.31)}) 11. Bf4 d6 $146 ({RR} 11... Qc6 12. a3 Nf6 13. Be5 Bc5 14. Qd2 d6 15. Bxf6 gxf6 16. Qf4 Bxa3 17. Qxf6 Rg8 18. Bd3 Rxg4 19. Rhe1 Qc5 20. Nd5 Bxd5 21. exd5 Bxb2 22. Kxb2 e5 23. Kc1 Ra4 24. Rg1 Rf4 25. Rg8+ Kd7 26. Bf5+ {1-0 Stamatiou,R (2184)-Dimanoudis,P (1559) GRE-ch U16 Attiki 2022 (7)}) ({RR} 11... Qc6 12. Bg2 Ne7 13. Rhe1 Ng6 14. Bg3 h5 15. h3 e5 16. Qd2 hxg4 17. hxg4 Bb4 18. Re3 Qe6 19. Rd3 Bxc3 20. bxc3 Bc6 21. Bf3 Kf8 22. Rd6 Qe7 23. g5 Kg8 24. Qe3 a5 25. Bg4 Rh1 26. Rxh1 {0-1 Movahed,S (2359)-Mchedlishvili,M (2553) 23rd Dubai Open 2023 (1.28)}) 12. Bxd6 Qxd6 13. Qxd6 Bxd6 14. Rxd6 Nf6 15. f3 Ke7 16. Rd1 Nd7 17. a3 Ne5 18. Be2 Nc4 19. Bxc4 Rxc4 20. Rd2 Rd8 21. Rxd8 Kxd8 22. Rd1+ Ke7 23. Rd3 f5 24. gxf5 exf5 25. exf5 Rf4 26. Re3+ Kd7 27. Ne4 Rxf5 28. Rd3+ Kc7 29. Rc3+ Bc6 30. b4 Kb6 31. Kb2 Rh5 32. Nd6 Rxh2 33. Nc8+ Kc7 34. Ne7 Rh6 35. Nf5 Rf6 36. Nxg7 Kd7 37. f4 Rxf4 38. Ne6 Rf6 39. Nc5+ Kd6 40. Rh3 h6 41. Nxa6 Ke5 42. Nb8 Kf4 43. Nxc6 Rxc6 44. Rh5 Rb6 45. Kb3 Kg4 46. Rh1 h5 47. c4 h4 48. cxb5 Rxb5 49. a4 Rb8 50. b5 h3 51. Kb4 Kg3 52. a5 Kg2 53. Ra1 h2 54. a6 Ra8 55. Ka5 1-0

[Event "Olympiad Women 2024"]
[Site "Budapest HUN"]
[Date "2024.09.12"]
[Round "2.31"]
[Board "2"]
[White "Johannsdottir, Johanna Bjorg"]
[Black "Lakos, Nikoletta"]
[Result "0-1"]
[WhiteElo "2013"]
[BlackElo "2192"]
[PlyCount "88"]
[EventDate "2024.09.11"]
[WhiteTeam "Iceland"]
[BlackTeam "Hungary B"]
[WhiteTeamCountry "ISL"]

1. e4 c5 2. Nf3 Nc6 3. d4 cxd4 4. Nxd4 Qb6 5. Nb3 Nf6 6. Nc3 e6 7. Be3 Qc7 8. Bc5 ({RR} 8. Qd2 Bb4 9. f3 d5 10. a3 Bxc3 11. Qxc3 dxe4 12. fxe4 O-O 13. Bd3 Ng4 14. Bc5 Rd8 15. O-O-O b6 16. h3 Nge5 17. Bd4 Bb7 18. Bb5 Qe7 19. Be3 h6 20. Kb1 Rac8 21. Rxd8+ Qxd8 22. Bc1 Qf6 {1-0 Hamdouchi,H (2593)-Milov,V (2620) Cap d'Agde-A rapid 2002 (6)}) 8... Bxc5 9. Nxc5 O-O 10. Be2 $146 ({RR} 10. Bd3 Ne5 11. Nb3 a6 12. Qe2 b5 13. O-O b4 14. Nd1 Ng6 15. Ne3 d6 16. g3 e5 17. f3 a5 18. Rad1 Be6 19. Bc4 Rac8 20. Ba6 Rb8 21. Bc4 Rfc8 22. Ba6 Rd8 23. Bc4 Qa7 24. Kh1 Bxc4 {0-1 Klincov,P (2186)-Avdic,M (2213) BIH-chT 14th 2015 (5.3)}) ({RR} 10. Qd2 Nb4 11. Nb3 a5 12. a3 Nxe4 13. Nxe4 Nxc2+ 14. Kd1 Nxa1 15. Nxa1 d5 16. Nc3 Bd7 17. h4 e5 18. Qxd5 Rad8 19. Ke1 e4 20. Bb5 e3 21. Nc2 Bg4 22. Qc4 Qd6 23. fxe3 Qd2+ 24. Kf1 Qxc2 {0-1 Cabanas Bravo,J (2041)-Renteria Becerra,J (2286) Madrid Chamartin op 8th 2019 (2)}) 10... a6 11. O-O b5 12. a3 Ne5 13. Nd3 Nc4 14. Re1 Nxb2 15. Nxb5 axb5 16. Nxb2 Nxe4 17. Bd3 Nc3 18. Bxh7+ Kxh7 19. Qh5+ Kg8 20. Re3 Nd5 21. Rh3 f5 22. Qh7+ Kf7 23. Qh5+ Ke7 24. Qg5+ Kf7 25. Qh5+ Ke7 26. Qg5+ Nf6 27. Nd3 Bb7 28. Rh7 Rf7 29. Rxg7 Qc3 30. Rd1 Raf8 31. Nf4 Qxc2 32. Rf1 Ke8 33. Rxf7 Rxf7 34. Ng6 Qe4 35. Qg3 Qxg2+ 36. Qxg2 Bxg2 37. Kxg2 Rg7 38. Rb1 Rxg6+ 39. Kf3 Rh6 40. Kg2 Rg6+ 41. Kf3 Rg4 42. Rxb5 Ra4 43. Rb3 Ke7 44. Re3 Ng4 0-1

[Event "Olympiad Women 2024"]
[Site "Budapest HUN"]
[Date "2024.09.12"]
[Round "2.31"]
[Board "3"]
[White "Karacsonyi, Kata"]
[Black "Thorsteinsdottir, Hallgerdur"]
[Result "1/2-1/2"]
[WhiteElo "2233"]
[BlackElo "1938"]
[PlyCount "61"]
[EventDate "2024.09.11"]
[WhiteTeam "Hungary B"]
[BlackTeam "Iceland"]
[BlackTeamCountry "ISL"]

1. e4 c6 2. Nf3 d5 3. Nc3 Bg4 4. h3 Bxf3 5. Qxf3 e6 6. Be2 Nf6 7. O-O Be7 8. e5 Nfd7 9. Qg3 O-O 10. d4 Kh8 11. Bg4 $146 ({RR} 11. Be3 c5 12. Rad1 Nc6 13. Kh1 a6 14. f4 cxd4 15. Bxd4 Nxd4 16. Rxd4 Qb6 17. Rd2 Nc5 18. b3 Rac8 19. f5 Qc7 20. Bg4 Nd7 21. fxe6 fxe6 22. Rxf8+ Rxf8 23. Bxe6 Nxe5 24. Rd1 d4 25. Nd5 Qxc2 {1-0 Nikoladze,S-Sokolova URS-ch U18 Girls 1985}) ({RR} 11. Be3 c5 12. dxc5 Nc6 13. Rad1 Ncxe5 14. b4 a5 15. Nxd5 Bh4 16. Qh2 exd5 17. Rxd5 Qe7 18. Rfd1 axb4 19. Bb5 Rfd8 {0-1 Young,C (1829)-Smith,R (2152) 131st ch-NZL Open 2024 (6.6)}) ({RR} 11. f4 f5 12. exf6 Bxf6 13. Rd1 c5 14. dxc5 Nc6 15. Qf2 Qe7 16. Na4 Rae8 17. Bg4 d4 18. b4 Nxb4 19. Rb1 Nc6 20. Rxb7 Rb8 21. Rxb8 Rxb8 22. Ba3 e5 23. Qe2 Rd8 24. Qe4 Ndb8 25. Nb2 Qf7 {½-½ Losev,D (2170)-Denishev,M (2382) Moscow RGSU op 2016 (3)}) 11... c5 12. Ne2 cxd4 13. Nxd4 Nc6 14. Nxc6 bxc6 15. f4 Qb6+ 16. Kh1 Nc5 17. Bf3 f6 18. b3 f5 19. Be3 Qb4 20. Bxc5 Bxc5 21. c4 Rac8 22. Be2 Qd2 23. Qd3 Qxd3 24. Bxd3 a5 25. cxd5 cxd5 26. Bb5 Rf7 27. Rac1 Rfc7 28. Ba6 Ra8 29. Bb5 Rac8 30. Ba6 Ra8 31. Bb5 1/2-1/2

[Event "Olympiad Women 2024"]
[Site "Budapest HUN"]
[Date "2024.09.12"]
[Round "2.31"]
[Board "4"]
[White "Helgadottir, Idunn"]
[Black "Terbe, Zsuzsanna"]
[Result "0-1"]
[WhiteElo "1837"]
[BlackElo "2168"]
[PlyCount "120"]
[EventDate "2024.09.11"]
[WhiteTeam "Iceland"]
[BlackTeam "Hungary B"]
[WhiteTeamCountry "ISL"]

1. d4 d5 2. c4 e6 3. Nc3 c6 4. Nf3 Nf6 5. cxd5 exd5 6. Bg5 Be7 7. e3 Bf5 8. Bd3 Bxd3 9. Qxd3 Nbd7 10. O-O O-O 11. a3 a5 12. Rab1 Ne4 13. Bxe7 Qxe7 14. Qc2 ({RR} 14. b4 b5 15. Qc2 axb4 16. axb4 Nd6 17. Rb3 Nb6 18. Ne5 Rfc8 19. Nd3 Nbc4 20. Nc5 Re8 21. h3 g6 22. Rc1 Ra7 23. Qd1 h5 24. Kh1 Qg5 25. Rbb1 Rae7 26. Ra1 Nf5 27. Ra2 Ncxe3 28. fxe3 Rxe3 {0-1 Nikolic,P (2635)-Kramnik,V (2790) Amber-blindfold 07th rapid 1998 (3)}) ({RR} 14. Nd2 Ndf6 15. f3 Nxd2 16. Qxd2 Rfe8 17. Rfe1 c5 18. Kh1 c4 19. e4 dxe4 20. fxe4 Rad8 21. d5 Ng4 22. Qf4 Ne5 23. Rf1 Rd6 24. Qd2 Rh6 25. Kg1 Qh4 26. g3 Qh3 27. Qg2 Qxg2+ 28. Kxg2 Ng4 {0-1 Kusakina,U (1751)-Manteiga,F (2006) Titled Tue 4th Jun Late 2024 (11)}) 14... Nd6 15. Nd2 $146 ({RR} 15. Na4 Rfe8 16. Nc5 Nxc5 17. Qxc5 Qe6 18. b4 Nc4 19. b5 Rac8 20. bxc6 Rxc6 21. Qa7 Nxa3 22. Rxb7 Ra6 23. Qc5 Nc4 24. Ng5 Qf5 25. Nxf7 Rg6 26. g3 Nd2 27. Nd6 Rxd6 28. Qxd6 Nxf1 29. Kxf1 Rf8 {½-½ Machidon,C (2278)-Tang,A (2539) Titled Tuesday intern op 04th Oct Late blitz 2022 (2)}) ({RR} 15. Rbe1 f5 16. Nd2 g5 17. Na4 Rf6 18. Nc5 g4 19. Nxd7 Qxd7 20. f3 Raf8 21. fxg4 fxg4 22. Rxf6 Rxf6 23. Qd1 h5 24. e4 dxe4 25. Nxe4 Nxe4 26. Rxe4 Qf5 27. Qe2 Kf7 28. Qc4+ Kf8 29. Qc5+ Qxc5 {0-1 Kadar,J-Manole,V (2280) ROM-chT Romania 1994}) 15... Rfe8 16. b4 axb4 17. axb4 b5 18. Ra1 Nb6 19. Nb3 Nbc4 20. Qe2 Nf5 21. Nc5 g6 22. Qd3 Nh4 23. Ne2 Nf5 24. Nf4 Nfd6 25. Rfe1 Ne4 26. Nxe4 dxe4 27. Qc3 Qd6 28. Red1 Red8 29. h4 h5 30. Qc2 Qe7 31. Rxa8 Rxa8 32. g3 Kh7 33. d5 cxd5 34. Nxd5 Qe5 35. Qxe4 Qxe4 36. Nf6+ Kg7 37. Nxe4 Ra4 38. Rb1 Na3 39. Rb2 Nc4 40. Rb3 Ra1+ 41. Kg2 Rc1 42. Nc5 Rc2 43. e4 Ne5 44. Kf1 Rc1+ 45. Ke2 Rc4 46. Ke3 Ng4+ 47. Kf3 Ne5+ 48. Kf4 f6 49. Nb7 Rd4 50. Nc5 Rc4 51. f3 Nc6 52. Na6 Nd4 53. Rd3 Kf7 54. g4 hxg4 55. fxg4 Nc6 56. Rb3 Nd4 57. Rd3 Nc6 58. Rb3 Nd4 59. Rb2 Rc3 60. Nc5 Rf3# 0-1

[Event "Olympiad Women 2024"]
[Site "Budapest HUN"]
[Date "2024.09.12"]
[Round "2.32"]
[Board "1"]
[White "Shohradova, Lala"]
[Black "Borosova, Zuzana"]
[Result "0-1"]
[WhiteElo "2030"]
[BlackElo "2205"]
[PlyCount "90"]
[EventDate "2024.09.11"]
[WhiteTeam "Turkmenistan"]
[BlackTeam "Slovakia"]
[WhiteTeamCountry "TKM"]
[BlackTeamCountry "SVK"]

1. d4 d5 2. c4 c6 3. Nc3 Nf6 4. Nf3 e6 5. Bg5 h6 6. Bh4 Be7 7. e3 Nbd7 8. cxd5 exd5 9. Bd3 Ne4 10. Bxe7 Qxe7 11. Qc2 f5 12. Rb1 a5 13. a3 O-O 14. O-O Qf6 $146 ({RR} 14... g5 15. b4 axb4 16. axb4 g4 17. Nd2 Ndf6 18. Ne2 Be6 19. Nf4 Bf7 20. Nb3 Ra3 21. b5 Rc8 22. Rfc1 Be8 23. Qe2 Rca8 24. bxc6 Bxc6 25. Rb2 Qd6 26. Nc5 Ra1 27. Rbc2 Rxc1+ 28. Rxc1 b6 29. Na6 {1-0 Costachi,M (2471)-Ghanoui,N (1919) Online Olym Div Top-C rapid 2020 (7.5)}) ({RR} 14... Qd6 15. b4 axb4 16. axb4 b5 17. Qb3 Kh8 18. Ra1 Bb7 19. Ne2 Rae8 20. Ra7 Qb8 21. Ra2 Nd6 22. Nf4 Rf6 23. h4 Nc8 24. Ra3 Qd6 25. Qb1 Re4 26. Ne2 Ncb6 27. Ra7 Qb8 28. Ra2 Nc4 29. Bxe4 {½-½ Catta Preta,D (2143)-Lucena,L (2189) Brasilia-ch 51th sf2 2011 (5.4)}) 15. b4 axb4 16. axb4 b5 17. Ne2 Bb7 18. Qb2 Rfe8 19. Ra1 Qe7 20. Rxa8 Rxa8 21. Ne5 Nb6 22. Ng3 Qf8 23. Ng6 Qf6 24. Nxf5 Re8 25. Nfh4 Bc8 26. Qe2 Be6 27. g3 Nc4 28. Ra1 Bf7 29. Bxc4 dxc4 30. Ne5 Rxe5 31. dxe5 Qxe5 32. Ra8+ Kh7 33. Nf3 Qc3 34. Qe1 Qb2 35. Nd4 c3 36. Ra1 Nxf2 37. Qxf2 Qxa1+ 38. Kg2 Bg6 39. Ne6 Be4+ 40. Kh3 Qb1 41. Qf7 Bf5+ 42. Kh4 Qe4+ 43. Nf4 c2 44. g4 c1=Q 45. gxf5 Qe1+ 0-1

[Event "Olympiad Women 2024"]
[Site "Budapest HUN"]
[Date "2024.09.12"]
[Round "2.32"]
[Board "2"]
[White "Mrvova, Alena"]
[Black "Agajanova, Meryem"]
[Result "0-1"]
[WhiteElo "2121"]
[BlackElo "2007"]
[PlyCount "114"]
[EventDate "2024.09.11"]
[WhiteTeam "Slovakia"]
[BlackTeam "Turkmenistan"]
[WhiteTeamCountry "SVK"]
[BlackTeamCountry "TKM"]

1. e4 e6 2. d3 d5 3. Nd2 Nf6 4. Ngf3 c5 5. g3 g6 6. Bg2 Bg7 7. O-O O-O 8. Re1 Nc6 9. Qe2 a5 10. Nf1 a4 11. a3 b5 12. e5 Nd7 13. Bf4 Ba6 14. h4 b4 15. c4 $146 ({RR} 15. h5 c4 16. h6 Bh8 17. dxc4 Bxc4 18. Qd1 bxa3 19. bxa3 Bxf1 20. Bxf1 Re8 21. Bb5 Qc7 22. Rb1 Na5 23. Rb4 Rec8 24. c4 Nb6 25. c5 Nbc4 26. Bxc4 Nxc4 27. Qd3 Qxc5 28. Reb1 Qf8 29. Kg2 Rab8 {0-1 Pranav,V (2588)-Krzyzanowski,M (2512) Titled Tue 1st Aug Early 2023 (4)}) ({RR} 15. Qd2 c4 16. d4 c3 17. bxc3 bxa3 18. Rxa3 Nb6 19. Raa1 Nc4 20. Qc1 Bb5 21. Bh6 a3 22. N1h2 f5 23. exf6 Qxf6 24. Ng4 Qf5 25. Bxg7 Kxg7 26. Qh6+ Kg8 27. Ng5 Ra7 28. Rxe6 Rg7 29. Bh3 Kh8 {1-0 Rohan,A (2337)-Zemlyanskii,I (2492) Titled Tue 26th Dec Early 2023 (8)}) 15... Nb6 16. Ne3 Ra7 17. cxd5 Nxd5 18. Bg5 f6 19. exf6 Nxf6 20. Ng4 Qd6 21. Nh6+ Kh8 22. Qxe6 Qxe6 23. Rxe6 Nd8 24. Rd6 Nb7 25. Rc6 Nd5 26. axb4 Bb5 27. Re6 Bxb2 28. Rae1 a3 29. Nd2 Nd8 30. Rd6 Nxb4 31. Bxd8 Nxd3 32. Re7 Rxe7 33. Bxe7 a2 34. Nb3 Re8 35. Bg5 c4 36. Bd5 Rf8 37. Be7 cxb3 38. Bxf8 a1=Q+ 39. Kh2 Be8 40. Rd8 Qe1 41. Nf7+ Bxf7 42. Bh6+ Qe8 43. Rxe8+ Bxe8 44. Bxb3 Nxf2 45. Bf4 Ng4+ 46. Kg2 Bc6+ 47. Kf1 Be5 48. Bxe5+ Nxe5 49. Be6 Kg7 50. Kf2 Kf6 51. Bc8 Bd7 52. Bb7 Kf5 53. Ba6 Kg4 54. Be2+ Kh3 55. Bf1+ Kh2 56. Ba6 Bc6 57. h5 gxh5 0-1